| 000 | 01128cam a22003257a 4500 | ||
|---|---|---|---|
| 001 | 17768234 | ||
| 005 | 20260427115816.0 | ||
| 008 | 130607s2014 moua 000 0 eng d | ||
| 010 | _a 2012277425 | ||
| 020 | _a978146061526 | ||
| 035 | _a17768234 | ||
| 035 | _a(OCoLC)809616185 | ||
| 042 | _alccopycat | ||
| 050 | 0 | 0 |
_aRT42 _b.M37 2010 |
| 100 | 1 |
_aMartinez de Castillo, Sandra Luz, _eauthor. |
|
| 245 | 1 | 0 |
_aStrategies, techniques, & approaches to critical thinking : _ba clinical reasoning workbook for nurses / |
| 246 | 3 | _aStrategies, techniques, and approaches to critical thinking | |
| 246 | 3 | _aSTAT | |
| 250 | _a4th edition. | ||
| 300 |
_avi, 269 pages : _billustrations ; _c28 cm |
||
| 650 | 0 |
_aNursing _vCase studies. |
|
| 650 | 0 |
_aNursing _xDecision making _vTextbooks. |
|
| 650 | 1 | 2 |
_aNursing Care _vProblems and Exercises. |
| 650 | 2 | 2 | _aDecision Making. |
| 655 | 7 |
_aCase studies. _2lcgft |
|
| 906 |
_a7 _bcbc _ccopycat _d2 _encip _f20 _gy-gencatlg |
||
| 942 |
_2lcc _cBK |
||
| 999 |
_c60409 _d60409 |
||